01044 2200349 4500001002100000005001500021035002000036007000300056040001700059100002900076245010500105250001200210300003900222020002200261041000800283082001600291084002200307090002500329264003700354336002100391337003000412338002300442650001500465850001000480008004100490500002800531700004400559504002500603990002200628990002200650990002200672INLIS00000000000610720260419125333 a0010-0322000351ta aSBPUPADbind0 aBasuki WibawaePengarang1 aManajemen Pendidikan :bTeknologi Kejuruan Dan Vokasi /cBasuki Wibawa, Editor, Bunga Sari Fatmawati a.-Cet.1 ax, 344 hlm. :bilus. ;c15,5x23 cm a978-602-217-979-50 aind a370.113.068 a370.113.068 BAS m a370.959.8 ALI k 14 4 a.--Jakarta :bBumi Aksara,c2017 2rdacontentaTeks 2rdamediaaTanpa Perantara 2rdacarrieravolume 4aPendidikan aPUPAD260419 0  aProfil Penulis, hal 343 aEditor, Bunga Sari FatmawatiePengarang aBibliografi, hal 335 a25.400/B/DPK/2017 a25.401/B/DPK/2017 a25.399/B/DPK/2017